Juegos de iniciación a los deportes colectivos /

Detalles Bibliográficos
Autor principal: Fusté Masuet, Xavier (Autor)
Formato: Electrónico eBook
Lenguaje:español
Publicado: [Barcelona] : Paidotribo, [2017]
Edición:5a edición.
Colección:Colección Pedagogías corporales.
Materias:
Acceso en línea:Digitalia Hispánica

MARC

LEADER 00000nam a2200000Ii 4500
001 DIGEDPBR0373
003 NyNyDIG
006 m o d
007 cr |||||||||||
008 260105s2017 sp a ob 000 0 spa d
035 |a (OCoLC)1570096549 
040 |a DGITA  |b eng  |e rda  |e pn  |c DGITA 
020 |a 9788499109565  |q ePub 
020 |z 9788480192781 
050 1 4 |a GV443 ebook 
100 1 |a Fusté Masuet, Xavier,  |e author. 
245 1 0 |a Juegos de iniciación a los deportes colectivos /  |c Xavier Fusté Masuet. 
250 |a 5a edición. 
264 1 |a [Barcelona] :  |b Paidotribo,  |c [2017] 
300 |a 1 online resource :  |b illustrations. 
336 |a text  |b txt  |2 rdacontent 
337 |a computer  |b c  |2 rdamedia 
338 |a online resource  |b cr  |2 rdacarrier 
347 |a text file  |2 rdaft 
347 |b EPUB 
490 1 |a Colección Pedagogías corporales 
504 |a Includes bibliographical references. 
588 0 |a Online resource; title from ePub title page (Digitalia, viewed January 5, 2026) 
650 0 |a Physical education for children. 
650 0 |a Sports  |x Study and teaching. 
791 2 |a Digitalia (Firm),  |e distributor. 
793 0 |g Digitalia eBook Collection:  |a Editorial Paidotribo 
776 0 8 |i Print version:  |a Fusté Masuet, Xavier.  |t Juegos de iniciación a los deportes colectivos.  |b 5a edición, 4a reimpresión.  |d [Barcelona] : Paidotribo, [2017]  |z 9788480192781 
830 0 |a Colección Pedagogías corporales. 
856 4 0 |3 Digitalia Hispánica  |u https://www.digitaliapublishing.com/a/160022/ 
910 |a Premium collection: 2026